Statistics for F1 Monaco Grand Prix Pole Positions

Click here to take the quiz!

General Stats

  • This quiz has been taken 45 times
    (15 since last reset)
  • The average score is 57 of 69

Answer Stats

YearPole TimePole Sitter% Correct
19881:23.998Ayrton Senna
100%
19851:20.450Ayrton Senna
100%
19911:20.344Ayrton Senna
100%
19901:21.314Ayrton Senna
100%
19891:22.308Ayrton Senna
100%
19551:41.1Juan Manuel Fangio
100%
19501:50.2Juan Manuel Fangio
100%
19561:44.0Juan Manuel Fangio
100%
19571:42.7Juan Manuel Fangio
100%
20151:15.098Lewis Hamilton
100%
20191:10.166Lewis Hamilton
100%
19931:20.557Alain Prost
93%
19861:22.627Alain Prost
93%
19841:22.661Alain Prost
93%
19831:24.840Alain Prost
93%
20061:13.962Fernando Alonso
93%
20071:15.726Fernando Alonso
93%
20231:11.365Max Verstappen
93%
19961:20.356Michael Schumacher
93%
19941:18.560Michael Schumacher
93%
20001:19.475Michael Schumacher
93%
20141:15.989Nico Rosberg
93%
20131:13.876Nico Rosberg
93%
19741:26.3Niki Lauda
93%
19751:26.40Niki Lauda
93%
19761:29.65Niki Lauda
93%
20031:15.259Ralf Schumacher
93%
20221:11.376Charles Leclerc
86%
20211:10.346Charles Leclerc
86%
20161:13.622Daniel Ricciardo
86%
20181:10.810Daniel Ricciardo
86%
19721:21.4Emerson Fittipaldi
86%
20091:14.902Jenson Button
86%
19661:29.9Jim Clark
86%
19621:35.4Jim Clark
86%
19641:34.0Jim Clark
86%
19631:34.3Jim Clark
86%
20101:13.826Mark Webber
86%
20121:14.381Mark Webber
86%
19991:20.547Mika Häkkinen
86%
19981:19.798Mika Häkkinen
86%
20111:13.556Sebastian Vettel
86%
19951:21.952Damon Hill
79%
19681:28.2Graham Hill
79%
19651:32.5Graham Hill
79%
20052:30.323*Kimi Räikkönen
79%
20171:12.178Kimi Räikkönen
79%
19811:25.710Nelson Piquet
79%
19921:19.495Nigel Mansell
79%
19871:23.039Nigel Mansell
79%
20081:15.787Felipe Massa
71%
19671:27.6Jack Brabham
71%
19691:24.6Jackie Stewart
71%
19701:24.0Jackie Stewart
71%
19711:23.2Jackie Stewart
71%
19731:27.5Jackie Stewart
71%
20041:13.985Jarno Trulli
71%
19791:26.45Jody Scheckter
71%
20021:16.676Juan Pablo Montoya
71%
19611:39.1Stirling Moss
71%
19601:36.3Stirling Moss
71%
19591:39.6Stirling Moss
71%
20011:17.430David Coulthard
64%
19971:18.216Heinz-Harald Frentzen
64%
19781:28.34Carlos Reutemann
57%
19801:24.813Didier Pironi
36%
19821:23.281René Arnoux
36%
19581:39.8Tony Brooks
36%
19771:29.86John Watson
29%

Score Distribution

Percentile by Number Answered

Percent of People with Each Score

Your Score History

You have not taken this quiz since the last reset